|
|
|
|
| LEADER |
01223nam a22002657a 4500 |
| 001 |
38164 |
| 003 |
BD-DhAAL |
| 008 |
220322t1988 bg ||||| |||| 001 0 ben d |
| 999 |
|
|
|c 43836
|d 43836
|
| 040 |
|
|
|a BD-DhAAL
|
| 041 |
|
|
|a ben
|
| 082 |
|
|
|a 330.0151
|
| 100 |
|
|
|a দে, হরেন্দ্র কান্তি
|9 47230
|
| 245 |
|
|
|a অর্থনীতির গাণিতিক পদ্ধতি,
|n প্রথম খণ্ড /
|c হরেন্দ্র কান্তি দে
|
| 246 |
|
|
|a Arthonitir ganitik paddhati
|
| 246 |
|
|
|a Mathematical methods of economics
|
| 260 |
|
|
|a ঢাকা :
|b বাংলা একাডেমী,
|c ১৯৮৮.
|
| 300 |
|
|
|a [চৌদ্দ], ৫৭৫ পৃষ্ঠা ;
|c ২২ সে.মি.
|
| 362 |
|
|
|a প্রথম খণ্ড
|
| 500 |
|
|
|a নির্ঘণ্ট অন্তর্ভুক্ত।
|
| 541 |
|
|
|a Donated By Akbar Ali Khan
|e 38164
|
| 650 |
|
|
|a Economics, Mathematical.
|9 47231
|
| 852 |
|
|
|a Ayesha Abed Library
|c Akbar Ali Khan Collection
|
| 942 |
|
|
|2 ddc
|c BK
|
| 952 |
|
|
|0 0
|1 0
|2 ddc
|4 0
|6 330_015100000000000_DEY
|7 1
|9 70219
|a BRACUL
|b BRACUL
|c AAKC
|d 2022-03-22
|e Donated by Akbar Ali Khan
|l 0
|o 330.0151 DEY
|p 3010038164
|r 2022-03-22
|t 1
|w 2022-03-22
|y BK
|